书目信息 |
| 题名: |
中国养老地产未来 : 国际老年公寓典范= International apartments for the elderly
|
|
| 作者: | 王丹 编 ;王丹 , 王丹 … 等 译 ;高迪国际出版有限公司 编 | |
| 分册: | ||
| 出版信息: | 大连 大连理工大学出版社 2013.2 |
|
| 页数: | 336页 | |
| 开本: | 32cm | |
| 丛书名: | ||
| 单 册: | ||
| 中图分类: | Z228 , TU241.93-64 | |
| 科图分类: | ||
| 主题词: | 民用建筑--建筑设计 | |
| 电子资源: | ||
| ISBN: | 978-7-5611-7900-0 | |
| 000 | 01558cam0 2200277 450 | |
| 001 | CA2013088888 | |
| 005 | 20131203151829.70 | |
| 010 | @a978-7-5611-7900-0@b精装@dCNY328.00 | |
| 099 | @aCAL 012013103763 | |
| 101 | @achi | |
| 200 | 1 | @a中国养老地产未来 : 国际老年公寓典范= International apartments for the elderly@Azhong guo yang lao di chan wei lai:guo ji lao nian gong yu dian fan=International apartments for the elderly@9zhong guo yang lao di chan wei lai@d= International apartments for the elderly@f高迪国际出版有限公司编;王丹 … [等] 译@Fgao di guo ji chu ban you xian gong si bian;wang dan…[deng]yi@zeng |
| 210 | @a大连@c大连理工大学出版社@d2013.2 | |
| 215 | @a336页@c彩图@d32cm | |
| 330 | @a本书共收录世界发达国家老年建筑项目32个,包括护理型退休社区、援助式生活机构、日间看护机构以及各种护理机构等,通过大量优秀的建筑设计案例,生动地介绍了老年建筑设计的特点。本书项目多,图片量大,文字精辟,另外提供了各个项目的各种细节图片、图表等,提供了权威的最新信息,节省了建筑师、规划师以及业主们大量的研究时间,对于建筑专业人士及相关建筑爱好者来说是无价之宝。 | |
| 500 | 10 | @aInternational apartments for the elderly@mChinese |
| 510 | @a= International apartments for the elderly | |
| 540 | @a中国养老地产未来 | |
| 606 | 0 | @a民用建筑@x建筑设计 |
| 690 | @aZ228@v5 | |
| 690 | @aTU241.93-64@v4 | |
| 701 | 0 | @a王丹@9wang dan@4编 |
| 702 | 0 | @a王丹@9wang dan@4译 |
| 702 | 0 | @a王丹 … 等@Awang dan…deng@4译 |
| 711 | 02 | @a高迪国际出版有限公司@Agao di guo ji chu ban you xian gong si@4编 |
| 801 | @aCN@bnygyxylib | |
| 905 | @dTU241.93-64@eW145@b0846939@f1 | |
| 中国养老地产未来 : 国际老年公寓典范= International apartments for the elderly= International apartments for the elderly/高迪国际出版有限公司编;王丹 … [等] 译.-大连:大连理工大学出版社,2013.2 |
| 336页:彩图;32cm |
| ←并列题名:= International apartments for the elderly |
| ISBN 978-7-5611-7900-0(精装):CNY328.00 |
| 本书共收录世界发达国家老年建筑项目32个,包括护理型退休社区、援助式生活机构、日间看护机构以及各种护理机构等,通过大量优秀的建筑设计案例,生动地介绍了老年建筑设计的特点。本书项目多,图片量大,文字精辟,另外提供了各个项目的各种细节图片、图表等,提供了权威的最新信息,节省了建筑师、规划师以及业主们大量的研究时间,对于建筑专业人士及相关建筑爱好者来说是无价之宝。 |
| ● |
| 相关链接 |
|
|
|
正题名:中国养老地产未来 : 国际老年公寓典范= Int
索取号:TU241.93-64/W145
 
预约/预借
| 序号 | 登录号 | 条形码 | 馆藏地/架位号 | 状态 | 备注 |
| 1 | 0846939 | 208469398 | 建筑库101/101建筑库 66排5列2层/ [索取号:Z228/W145] | 在馆 |